1900 1261 1397 1699 1416 1253 1877 1141 1408 1146 1879 1005 1005 1777 1518 1775 1236 1545 1431 1860 1497 1623 1451 1856 1737 1884 1794 1435 1270 1591 1821 1206 1402 1691 1996 1680 1664 1866 1066 1975 1725 1419 1747 1317 1065 1806 1274 1944 1764 1509 1186 1251 1491 1965 1840 1361 1797 1082 1635 1560 1308 1587 1378 1258 1165 1901 1956 1201 1270 1004 1104 1674 1146 1444 1156 1481 1370 1047 1598 1890 1072 1115 1943 1475 1482 1322 1846 1488 1754 1773 1938 1374 1320 1056 1727 1682 1737 1829 1113 BCNSPRNW ULIB Ver.6.0+V

เปลี่ยนเป็นภาษาไทย

Change to English
 แสดงรายละเอียดบรรณานุกรม
  กลับหน้าหลัก

Brief Record : Get Marc (ISO 2709) : E-mail record : QR code < ปิดหน้าต่าง
LEADER : 00000nam 2200000uu 4500
001    13399127256
003     ULIB
008    200309s||||||||th 000 0 tha d
020    ^a9786163980489
060  0 ^aWB100^bว534ว^cล.2
100 0  ^aวิชุดา จิรพรเจริญ, บรรณาธิการ
245 00 ^aเวชปฏิบัติครอบครัว 2 : การดูแลผู้ป่วยร่วมกับครอบครัว =^bFamily Practice 2 : Caring for Patients with Their Families/^cวิชุดา จิรพรเจริญ และ^cชัยสิริ อังกุระวรานนท์, บรรณาธิการ
250    ^aพิมพ์ครั้งที่ 3
260    ^aเชียงใหม่ :^bภาควิชาเวชศาสตร์ครอบครัว คณะแพทยศาสตร์ มหาวิทยาลัยเชียงใหม่,^c2561
300    ^a224 หน้า
650  0 ^aผู้ป่วย- -การดูแล
650  0 ^aการส่งเสริมสุขภาพ
650  0 ^aการพยาบาลครอบครัว
650  0 ^aFamily Medicine
650  0 ^aFamily Practice
650  0 ^aHealth Promotion
700 0  ^aชัยสิริ อังกุระวรานนท์, บรรณาธิการ
856    ^a^zเวชปฏิบัติครอบครัว 2 : การดูแลผู้ป่วยร่วมกับครอบครัว (Family Practice 2 : Caring for Patients with Their Families) (สารบัญหนังสือ)^uhttp://110.164.66.211/ULIB6//_fulltext/bookcontent/13399114377/51225.pdf
945    ^p350^l0^i27968
945    ^p350^l0^i27969
945    ^p350^l0^i27970
945    ^p350^l0^i27971
945    ^p350^l0^i27972
945    ^p350^l0^i27973
945    ^p350^l0^i27974
945    ^p350^l0^i27975
945    ^p350^l0^i27976
945    ^p350^l0^i27977
999    ^aกัณชพร จุลอักษร
รายการนี้ยังไม่มีแท็ก
คุณยังไม่ได้ล็อกอิน คุณสามารถมีกิจกรรมร่วมกับเว็บไซต์ได้ แต่ต้องล็อกอินก่อน ::
  ล็อกอิน

รายการสื่อสารสนเทศ

ลำดับที่ ประเภท เลขเรียก/บาร์โค้ด สถานที่ สถานะ
1. หนังสือสำรอง
หนังสือสำรอง
WB100 ว534ว ล.2 ฉ.1 
  Barcode: 27968
ห้องสมุดวิทยาเขตนครสวรรค์
►หนังสือทั่วไป:l:General Books
บนชั้น
2. วิทยาศาสตร์การแพทย์ และสุขภาพ
วิทยาศาสตร์การแพทย์ และสุขภาพ
WB100 ว534ว ล.2 ฉ.10 
  Barcode: 27977
ห้องสมุดวิทยาเขตนครสวรรค์
►หนังสือทั่วไป:l:General Books
บนชั้น
3. วิทยาศาสตร์การแพทย์ และสุขภาพ
วิทยาศาสตร์การแพทย์ และสุขภาพ
WB100 ว534ว ล.2 ฉ.2 
  Barcode: 27969
ห้องสมุดวิทยาเขตนครสวรรค์
►หนังสือทั่วไป:l:General Books
บนชั้น
4. วิทยาศาสตร์การแพทย์ และสุขภาพ
วิทยาศาสตร์การแพทย์ และสุขภาพ
WB100 ว534ว ล.2 ฉ.3 
  Barcode: 27970
ห้องสมุดวิทยาเขตนครสวรรค์
►หนังสือทั่วไป:l:General Books
ถูกยืม กำหนดส่งวันที่ 17 กันยายน 2568
  จอง
5. วิทยาศาสตร์การแพทย์ และสุขภาพ
วิทยาศาสตร์การแพทย์ และสุขภาพ
WB100 ว534ว ล.2 ฉ.4 
  Barcode: 27971
ห้องสมุดวิทยาเขตนครสวรรค์
►หนังสือทั่วไป:l:General Books
บนชั้น
6. วิทยาศาสตร์การแพทย์ และสุขภาพ
วิทยาศาสตร์การแพทย์ และสุขภาพ
WB100 ว534ว ล.2 ฉ.5 
  Barcode: 27972
ห้องสมุดวิทยาเขตนครสวรรค์
►หนังสือทั่วไป:l:General Books
บนชั้น
7. วิทยาศาสตร์การแพทย์ และสุขภาพ
วิทยาศาสตร์การแพทย์ และสุขภาพ
WB100 ว534ว ล.2 ฉ.6 
  Barcode: 27973
ห้องสมุดวิทยาเขตนครสวรรค์
►หนังสือทั่วไป:l:General Books
บนชั้น
8. วิทยาศาสตร์การแพทย์ และสุขภาพ
วิทยาศาสตร์การแพทย์ และสุขภาพ
WB100 ว534ว ล.2 ฉ.7 
  Barcode: 27974
ห้องสมุดวิทยาเขตนครสวรรค์
►หนังสือทั่วไป:l:General Books
บนชั้น
9. วิทยาศาสตร์การแพทย์ และสุขภาพ
วิทยาศาสตร์การแพทย์ และสุขภาพ
WB100 ว534ว ล.2 ฉ.8 
  Barcode: 27975
ห้องสมุดวิทยาเขตนครสวรรค์
►หนังสือทั่วไป:l:General Books
บนชั้น
10. วิทยาศาสตร์การแพทย์ และสุขภาพ
วิทยาศาสตร์การแพทย์ และสุขภาพ
WB100 ว534ว ล.2 ฉ.9 
  Barcode: 27976
ห้องสมุดวิทยาเขตนครสวรรค์
►หนังสือทั่วไป:l:General Books
บนชั้น

รายการใกล้เคียง
    ผู้แต่ง [วิชุดา จิรพรเจริญ, บรรณาธิการ]

    หัวเรื่อง [ผู้ป่วย- -การดูแล]
    หัวเรื่อง [การส่งเสริมสุขภาพ]
    หัวเรื่อง [การพยาบาลครอบครัว]
    หัวเรื่อง [Family Medicine]
    หัวเรื่อง [Family Practice]
    หัวเรื่อง [Health Promotion]

BibComment


ยังไม่เคยถูกคอมเมนท์

คอมเมนท์ทรัพยากรรายการนี้
  คอมเมนท์: เวชปฏิบัติครอบคร..


 Copyright 2026. Bcnsprnw @Library